00338nam a2200133Ia 4500008004100000020001500041041001200056082001100068100001900079245005000098260003600148300000800184650001200192221030s9999 xx 000 0 und d a8121917573 aEnglish a105.23 aA. S. Vasudeva 0aModern Engineering Physicscby A. S. Vasudeva bS. Chand & Co.aNew Delhic2008 a383 aPhysics